Paroles - Si j'étais un homme - Diane Tell - Statistiques

Statistiques générales
  • Ce quiz a été pris 328 fois
  • Le résultat moyen est 213 sur 272
Statistiques - réponses
Réponse % Correct
je
99%
Je
99%
si
99%
Si
99%
homme
98%
j'étais
98%
un
98%
Un
98%
de
92%
De
92%
les
92%
bateau
91%
du
91%
d'un
91%
et
91%
Et
91%
se
91%
serais
91%
capitaine
90%
Moi
90%
moi
90%
à
88%
A
88%
on
88%
On
88%
Te
88%
te
88%
blanc
87%
la
87%
mon
87%
ferais
86%
ne
86%
pas
86%
ta
86%
vert
86%
en
85%
sur
85%
plus
84%
ces
83%
Ces
83%
femme
83%
Pour
83%
pour
83%
quand
83%
que
83%
beaux
82%
est
82%
monde
82%
plage
82%
suis
82%
chaque
81%
Dans
81%
dans
81%
l'amour
81%
pays
81%
seconde
81%
voyage
81%
une
80%
dit
79%
temps
78%
qu'on
77%
t'emmenerais
77%
Des
76%
jours
76%
nos
75%
savourant
74%
appelle
73%
c'est
73%
C'est
73%
changé
73%
D'une
73%
hommes
73%
ont
73%
soi
73%
ville
73%
choses-là
72%
cinéma
72%
Il
72%
n'étaient
72%
qu'au
72%
ton
72%
chacun
71%
d'amour
71%
fort
71%
histoires
71%
peu
71%
rare
71%
bijoux
70%
dire
70%
fleurs
70%
tous
70%
Bergame
69%
élégance
69%
pressés
69%
appartement
68%
tendresse
68%
villa
68%
Ah
67%
corps
67%
devient
67%
faut
67%
mauvais
67%
N'arrivent
67%
prendre
67%
t'offrirais
67%
aimé
66%
amour
66%
démodées
66%
économe
66%
j'aurais
66%
l'ébène
66%
Milan
65%
rendre
65%
bien
64%
construire
64%
d'humour
64%
fou
64%
maîtresse
64%
64%
romantique
64%
vous
64%
côté
62%
engourdi
62%
tes
62%
dommage
61%
juste
61%
t'appellerais
61%
bras
59%
entendre
59%
font
59%
trop
59%
voix
59%
rien
58%
s'enflamme
57%
voit
57%
parfums
54%
insisterais
53%
gala
52%
soir
51%
Jusqu'a
48%
s'endormir
44%
l'allure
41%
n'achète
41%
Oui
36%
programme
36%
t'inventerais
33%
Aucun quiz correspondant
Distribution des résultats
% des personnes avec chaque résultat
Percentile par nombre de réponses
Votre historique - résultats
Vous n’avez pas pris ce quiz